Mississippi Cities A-Z - Statistics

General Stats
  • This quiz has been taken 73 times
    50 since last reset
  • The average score is 11 of 18
Answer Stats
Population Municipality or CDP % Correct
J 153,701 Jackson
97%
B 49,449 Biloxi
95%
G 72,926 Gulfport
90%
H 48,730 Hattiesburg
90%
V 21,573 Vicksburg
87%
S 54,648 Southaven
79%
T 37,923 Tupelo
77%
M 35,052 Meridian
72%
O 39,711 Olive Branch
62%
Y 10,316 Yazoo City
54%
N 14,520 Natchez
51%
P 27,115 Pearl
46%
D 12,721 D'Iberville
41%
L 17,161 Laurel
41%
C 28,100 Clinton
38%
R 24,340 Ridgeland
38%
W 10,105 West Point
31%
F 10,202 Flowood
21%
No matching quizzes found
Score Distribution
Percent of People with Each Score
Percentile by Number Answered
Your Score History
You have not taken this quiz since the last reset